000 00581nam a22002177a 4500
003 UA-OsUOA
001 45117
007 ta
008 20070327b un ||||| |||| 00| 0 ukr d
100 _aКомаров С.В.
090 _a101
_bК-11
942 _cSA
040 _aUA-OsUOA
_brus
_cUA-OsUOA
_dUA-OsUOA
245 _a"Ленивый разум" Лейбница и "ложные суждения" Локка
300 _aС.96-112
955 _a0
041 _arus
080 _a101
773 0 _w45112
650 7 _a1 Філософські науки
_2UDC
999 _c331225
_d331225